Melissa McCarthy Filmography - Statistics

General Stats
  • This quiz has been taken 151 times
    13 since last reset
  • The average score is 29 of 89
Answer Stats
Type Year Name % Correct
Film 2013 Identity Thief
100%
Film 2011 Bridesmaids
92%
Film 2016 Ghostbusters
92%
TV Show 2011-2025 Saturday Night Live
92%
Film 2015 Spy
83%
TV Show 2000-2007 Gilmore Girls
75%
Film 2014 Tammy
75%
Film 2018 Can You Ever Forgive Me?
67%
Film 2018 Life of the Party
67%
TV Show 2010-2016 Mike & Molly
67%
Film 2013 The Heat
67%
Film 2021 Thunder Force
67%
Film 2016 The Boss
58%
Film 2023 The Little Mermaid
58%
Film 2022 Thor: Love and Thunder
58%
Film 2000 Charlie's Angels
42%
Film 1999 Go
42%
Film 2013 The Hangover Part III
42%
Film 2018 The Happytime Murders
42%
Film 2019 The Kitchen
42%
TV Show 2022 The Simpsons
42%
Film 2012 This Is 40
42%
TV Show 2004 Curb Your Enthusiasm
33%
Film 2023 Genie
33%
Short Film 1998 God
33%
Web Series 2022 God's Favourite Idiot
33%
Web Series 2024 Only Murders in the Building
33%
Film 2014 St. Vincent
33%
Film 2020 Superintelligence
33%
Film 2021 The Starling
33%
Film 2024 Unfrosted
33%
Short Film 2000 Auto Motives
25%
Film 2003 Charlie's Angels: Full Throttle
25%
Short Film 2003 Chicken Party
25%
Film 2007 Cook Off!
25%
TV Show 2000 D.C.
25%
Film 2000 Disney's The Kid
25%
Film 2000 Drowning Mona
25%
Web Mini-Series 2016 Gilmore Girls: A Year in the Life
25%
Documentary Mini-Series 2006 I Love the '70s: Volume 2
25%
TV Show 1997 Jenny
25%
Film 2008 Just Add Water
25%
TV Show 2002, 2004, 2005 Kim Possible
25%
Film 2010 Life as We Know It
25%
TV Show 2020 Little Big Shots
25%
Web Mini-Series 2021 Nine Perfect Strangers
25%
TV Show 2017-2018 Nobodies
25%
Film 2008 Pretty Ugly People
25%
TV Show 2010 Private Practice
25%
Film 2002 Pumpkin
25%
TV Show 2009 Rita Rocks
25%
TV Show 2024 RuPaul's Drag Race
25%
TV Show 2007-2009 Samantha Who?
25%
Short Film 2015 Take Flight
25%
Film 2010 The Back-Up Plan
25%
Short Film 2007 The Captain
25%
Film 2003 The Life of David Gale
25%
Film 2007 The Nines
25%
TV Show 2012 The Penguins of Madagascar
25%
Film 2002 The Third Wheel
25%
Web Mini-Series TBA Unspeakable: The Murder of JonBenét Ramsey
25%
Film 2002 White Oleander
25%
TV Special 2021 Adele: One Night Only
17%
TV Special 2021 A Night in the Academy Museum
17%
TV Show 2023 CBeebies Bedtime Story
17%
TV Show 2020 Celebrity IOU
17%
Film 2016 Central Intelligence
17%
Commercial 2022 Chase
17%
TV Show 2007 Dancing with the Stars
17%
TV Mini-Series 2019 Ellen's Greatest Night of Giveaways
17%
Short Film 2011 Emmy Training Day
17%
Documentary Series 2019 Finding Your Roots with Henry Louis Gates, Jr.
17%
TV Special 2020 FOX Presents the iHeart Living Room Concert for America
17%
TV Special 2021 Kelly Clarkson Presents: When Christmas Comes Around
17%
Commercial 2017 Kia Niro
17%
Film 2010 Love & Distrust
17%
Documentary 2018 Love, Gilda
17%
Web Series 2018 Momsplaining with Kristen Bell
17%
TV Special 2016 Must See TV: A Tribute to James Burrows
17%
Commercial 2013 Old Navy
17%
TV Special 2015 Saturday Night Live: 40th Anniversary Special
17%
TV Show 2013 Sesame Street
17%
TV Show 2018 Show Me the Movie!
17%
TV Special 2014 Stand Up to Cancer
17%
Web Special 2021 Stonewall Inn Safe Spaces Concert
17%
Web Series 2022 The Great Giveback
17%
Commercial 2005 Washington Mutual Bank
17%
Theater 2004 Guys and Dolls
0%
Theater 2004 Speakeasy: A Roaring 20's Musical
0%
No matching quizzes found
Score Distribution
Percent of People with Each Score
Percentile by Number Answered
Your Score History
You have not taken this quiz since the last reset